| 000 | 01047cam a2200289 i 4500 | ||
|---|---|---|---|
| 001 | 17439062 | ||
| 005 | 20161117155814.0 | ||
| 008 | 120823s2013 caua b 001 0 eng | ||
| 010 | _a 2012947811 | ||
| 020 | _a978-1-4462-5624-4 (pbk.) | ||
| 040 |
_aDLC _beng _erda _cDLC _dDLC |
||
| 042 | _apcc | ||
| 050 | 0 | 0 |
_aJZ1242 _b.D33 2013 |
| 082 | 0 | 0 |
_aDC 327.101 _22013 _bD12 |
| 100 | 1 |
_aDaddow, Oliver J., _d1974- _eauthor. |
|
| 245 | 1 | 0 |
_aInternational relations theory : _bthe essentials / _cOliver Daddow. |
| 250 | _a2nd edition. | ||
| 260 |
_aLos Angeles: _bSAGE Publications, Ltd., _cc2013. |
||
| 300 |
_avi, 348 pages : _billustrations ; _c22 cm |
||
| 504 | _aIncludes bibliographical references and index. | ||
| 650 | 0 | _aInternational relations. | |
| 650 | 0 |
_aInternational relations _xExaminations _vStudy guides. |
|
| 365 |
_b3,259.00 _cPhp |
||
| 906 |
_a7 _bcbc _corignew _d2 _eepcn _f20 _gy-gencatlg |
||
| 942 |
_2ddc _cDC |
||
| 999 |
_c5745 _d5745 |
||